000
00505nam a2200133Ia 4500
008
100204s9999 xx 000 0 und d
082
_b
10808
100
_a
हिरगावकर ब. रा.
245
_a
कौटिलीय अर्थशास्त्र
260
_b
"वरदा बुक्स , पुणे"
_c
1988 2
630
_a
कौटिलीय अर्थशास्त्र
730
_a
कौटिलीय अर्थशास्त्र
942
_c
BOOK
999
_c
455244
_d
455241